000 00308nam a2200121Ia 4500
005 20260328104331.0
008 260328s9999||||xx |||||||||||||| ||und||
100 _aRodgers, Paul
245 0 _aDiseño de Producto /
_cPaul Rodgers
300 _a240 p.
650 _aDISEÑO INDUSTRIAL - ELEMENTOS
942 _cBK
999 _c11732
_d11732